000 00314nam a22001457a 4500
008 221010b ||||| |||| 00| 0 eng d
020 _a9780872634725
041 _aeng
080 _a004
082 _a004
100 _a20.2
101 _aKOM
245 _aPLASTIC INJECTION MOLDING
_cBRYCE D
942 _2udc
_cBK
999 _c58460
_d58460